Prehľad typov dátových aktív pre správu metadát diplomová práca

Gespeichert in:
Bibliographische Detailangaben
1. Verfasser: Bľanda, Jozef
Körperschaft: Fakulta hospodárskej informatiky EU. Katedra aplikovanej informatiky
Weitere Verfasser: Mišút, Martin, 1962-
Format: Buch
Sprache:Slowakisch
Veröffentlicht: Bratislava 2025
Tags: Tag hinzufügen
Keine Tags, Fügen Sie das erste Tag hinzu!

MARC

LEADER 00000nbm a2200000 4500
001 0310609
005 20251121095509.4
041 0 |a slo 
044 |a SK 
245 1 0 |a Prehľad typov dátových aktív pre správu metadát  |b diplomová práca  |c Jozef Bľanda ; školiteľ: Martin Mišút 
264 1 |a Bratislava  |c 2025 
300 |a 56 s. 
100 1 |a Bľanda, Jozef 
700 1 |a Mišút, Martin, 1962- 
710 2 |a Fakulta hospodárskej informatiky EU. Katedra aplikovanej informatiky